60's songs - Deeper Cuts - Statistics

General Stats
  • This quiz has been taken 159 times
    151 since last reset
  • The average score is 8 of 15
Answer Stats
Hint Answer % Correct
God Only Knows The Beach Boys
79%
Waterloo Sunset The Kinks
75%
In The Ghetto Elvis Presley
71%
Rainy Day Women #12 and 35 Bob Dylan
59%
And Your Bird Can Sing The Beatles
57%
Happy Jack The Who
56%
The Mighty Quinn Manfred Mann
50%
The Crystal Ship The Doors
50%
Itchycoo Park The Small Faces
50%
For Your Love The Yardbirds
47%
A Hazy Shade Of Winter Simon and Garfunkel
44%
Love Child Diana Ross and The Supremes
36%
Conquistador Procol Harum
31%
Dedicated To The One I Love The Mamas and Papas
28%
Laugh Laugh Beau Brummels
27%
No matching quizzes found
Score Distribution
Percent of People with Each Score
Percentile by Number Answered
Your Score History
You have not taken this quiz since the last reset